000 00617nam a2200217Ia 4500
003 OSt
005 20220926033905.0
006 a|||||r|||| 00| 0
007 ta
008 220923b |||||||| |||| 00| 0 eng d
037 _cGeneral Book
040 _aRTL
_cRTL
_beng
041 _2eng
_aeng
082 _aY.2.N6z7, K8
100 _aSrivastava Harish Chandra
_9106087
245 0 _aStudies in Indian sociology. V 1
260 _aVaranasi
_bSamajshastra Prakashan
_c1968
300 _a118p
_ccm.
942 _hY.2.N6z7, K8
_cGB
_2CC
999 _c658201
_d658201